Statistics for Cities Starting with B in Chinese Pinyin

Click here to take the quiz!

General Stats

  • This quiz has been taken 17 times
  • The average score is 9 of 12

Answer Stats

HintAnswer% Correct
Bù Lǐ Sī BānBrisbane
86%
Bā Mǎ KēBamako
79%
Bā Sè Luó NàBarcelona
79%
Bèi Luò Ào Lǐ Zàng TèBelo Horizonte
79%
Bó LínBerlin
79%
Bō Gē DàBogota
79%
Bù Yí Nuò Sī Ài Lì SīBuenos Aires
79%
Bā Gé DáBaghdad
71%
Bù Lǔ Sài ĚrBrussels
71%
Bō Shì DùnBoston
64%
Bā LíParis
64%
Bù Lā GéPrague
64%

Score Distribution

Percentile by Number Answered

Percent of People with Each Score

Your Score History

You have not taken this quiz